Welcome to CU Library Online Public Access Catalogue (OPAC)

Agricultural extension : (Record no. 819)

MARC details
000 -LEADER
fixed length control field 00681cam a2200217 a 4500
001 - CONTROL NUMBER
control field 917055
005 - DATE AND TIME OF LATEST TRANSACTION
control field 20241107135519.0
008 - FIXED-LENGTH DATA ELEMENTS--GENERAL INFORMATION
fixed length control field 821214s1984 dcua 000 0 eng
020 ## - INTERNATIONAL STANDARD BOOK NUMBER
International Standard Book Number 0821301403 (pbk.)
050 00 - LIBRARY OF CONGRESS CALL NUMBER
Classification number S544
Item number .B435 1984
082 00 - DEWEY DECIMAL CLASSIFICATION NUMBER
Classification number 630/.7/15
Edition information 19
100 1# - MAIN ENTRY--PERSONAL NAME
Personal name Benor, Daniel.
245 10 - TITLE STATEMENT
Title Agricultural extension :
Remainder of title the training and visit system /
Statement of responsibility, etc. Daniel Benor, James Q. Harrison, and Michael Baxter.
260 ## - PUBLICATION, DISTRIBUTION, ETC.
Place of publication, distribution, etc. Washington, D.C. :
Name of publisher, distributor, etc. World Bank,
Date of publication, distribution, etc. c1984.
300 ## - PHYSICAL DESCRIPTION
Extent x, 85 p. :
Other physical details ill. ;
Dimensions 24 cm.
650 #0 - SUBJECT ADDED ENTRY--TOPICAL TERM
Topical term or geographic name entry element Agricultural extension work.
700 1# - ADDED ENTRY--PERSONAL NAME
Personal name Baxter, Michael W. P.
700 1# - ADDED ENTRY--PERSONAL NAME
Personal name Harrison, James Q.
710 2# - ADDED ENTRY--CORPORATE NAME
Corporate name or jurisdiction name as entry element World Bank.
942 ## - ADDED ENTRY ELEMENTS (KOHA)
Source of classification or shelving scheme Library of Congress Classification
Koha item type Books
Suppress in OPAC No
999 ## -
-- 819
-- 819
Holdings
Withdrawn status Lost status Source of classification or shelving scheme Damaged status Not for loan Collection Home library Current library Shelving location Date acquired Total checkouts Full call number Barcode Date last seen Copy number Price effective from Koha item type
    Library of Congress Classification     Non-fiction Business Library (Miotso) Business Library (Miotso) General stacks 11/02/2024   S544 .B435 1984 BSSM00000169 11/07/2024 1 11/02/2024 Books
© 2023-2024 Copyright: Central University Libraries. All Rights Reserved | Created by: Mahone Tech Office